| 000 | 00441nam a2200169 a 4500 | ||
|---|---|---|---|
| 005 | 20221119063436.0 | ||
| 008 | 991125s1987 bue 000 0 spa u | ||
| 035 | _aUPN01000021448 | ||
| 049 | _aCG | ||
| 050 | 4 |
_aRJ506 A9 _bT8.4 |
|
| 100 | 1 | _aTustin, Frances | |
| 245 | 1 | 0 |
_aEstados autísticos en los niños / _cFrances Tustin. |
| 260 |
_aBuenos Aires : _bPaidós, _c1987. |
||
| 300 | _a303 p. | ||
| 650 | 2 |
_aAutismo _9362 |
|
| 905 | _aLibro | ||
| 999 |
_c21448 _d21448 |
||